00301 a2200121 4500001000700000040003500007100002600042240003400068245002900102300000700131362000900138440003200147149938 cEscola São Tomás de Aquino aRANDON, Maria Augusta10aOs deuses e seus enigmaslpor10aOs deuses e seus enigmas a480 a2003 1aDifusão Cultural do Livro